[Event "CP-2018-Q-00008"]
[Site "LSS email"]
[Date "2018.11.28"]
[Round "?"]
[White "Herzog, Agnes"]
[Black "Medvedev, Eduard"]
[Result "0-1"]
[WhiteElo "1886"]
[BlackElo "2329"]
[PlyCount "60"]
[EventDate "2018.12.01"]
[EventType "tourn (corr)"]
[EventRounds "6"]
[EventCountry "GER"]
[SourceTitle "Corr 2022"]
[Source "ChessBase"]
[SourceDate "2021.10.24"]
[SourceVersion "1"]
[SourceVersionDate "2021.10.24"]
[SourceQuality "1"]

1. e4 c5 2. Nf3 Nc6 3. Bb5 g6 4. Bxc6 dxc6 5. d3 Bg7 6. h3 Nf6 7. Nc3 0-0 8. Be3 b6 9. Qd2 e5 10. Bh6 Qd6 11. Bxg7 Kxg7 12. 0-0 Re8 13. a4 a5 14. b3 Nh5 15. Ne2 f6 16. Qe3 Be6 17. Nd2 Nf4 18. Nf3 g5 19. Nd2 Kf7 20. Nc4 Qc7 21. Ng3 h5 22. Rfe1 Rad8 23. Qd2 g4 24. h4 Ng6 25. Ne3 Nxh4 26. Nxh5 Rh8 27. Ng3 Ng6 28. Qd1 Rdg8 29. Ngf5 Nf4 30. g3 Kf8 0-1

[Event "CP-2018-Q-00008"]
[Site "LSS email"]
[Date "2018.11.28"]
[Round "?"]
[White "Kopasov, Evgeny Aleksandrovi"]
[Black "Medvedev, Eduard"]
[Result "1-0"]
[WhiteElo "2228"]
[BlackElo "2329"]
[PlyCount "85"]
[EventDate "2018.12.01"]
[EventType "tourn (corr)"]
[EventRounds "6"]
[EventCountry "GER"]
[SourceTitle "Corr 2022"]
[Source "ChessBase"]
[SourceDate "2021.10.24"]
[SourceVersion "1"]
[SourceVersionDate "2021.10.24"]
[SourceQuality "1"]

1. d4 Nf6 2. c4 e6 3. Nf3 b6 4. g3 Ba6 5. Qc2 c5 6. d5 exd5 7. cxd5 Bb7 8. Bg2 Nxd5 9. 0-0 Be7 10. Rd1 Nc6 11. Qa4 Nf6 12. Nh4 g6 13. Bh6 Bf8 14. Bg5 h6 15. Bxf6 Qxf6 16. Nc3 0-0-0 17. Rd3 g5 18. Nf3 Na5 19. Rad1 Bc6 20. Qc2 Re8 21. Nd2 Bxg2 22. Kxg2 Qc6+ 23. Kg1 Kb8 24. Nf1 d6 25. Ne3 Nb7 26. Nf5 Rg8 27. e4 Rg6 28. Qe2 Qc8 29. Nd5 Nd8 30. b4 Nc6 31. b5 Na5 32. h4 gxh4 33. Nxh4 Rge6 34. Re3 Rd8 35. Nf5 Qd7 36. Kg2 Qe8 37. a4 Qd7 38. Rf3 Rde8 39. Rf4 Qb7 40. Qd3 Qc8 41. Qf3 Nc4 42. Nfe3 Ne5 43. Qh5 1-0

[Event "CP-2018-Q-00008"]
[Site "LSS email"]
[Date "2018.11.28"]
[Round "?"]
[White "Medvedev, Eduard"]
[Black "Henry, Derek"]
[Result "1/2-1/2"]
[WhiteElo "2329"]
[BlackElo "2455"]
[PlyCount "73"]
[EventDate "2018.12.01"]
[EventType "tourn (corr)"]
[EventRounds "6"]
[EventCountry "GER"]
[SourceTitle "Corr 2022"]
[Source "ChessBase"]
[SourceDate "2021.10.24"]
[SourceVersion "1"]
[SourceVersionDate "2021.10.24"]
[SourceQuality "1"]

1. e4 c5 2. Nf3 d6 3. d4 cxd4 4. Nxd4 Nf6 5. Nc3 a6 6. Be3 e5 7. Nb3 Be6 8. f3 Be7 9. Qd2 Nbd7 10. g4 0-0 11. 0-0-0 b5 12. g5 Nh5 13. Kb1 Nb6 14. Nd5 Nxd5 15. exd5 Bf5 16. Na5 f6 17. h4 Qc7 18. Nc6 Rf7 19. Rg1 Qb7 20. Re1 fxg5 21. hxg5 g6 22. Qa5 Bf8 23. Bd2 Qc8 24. Be2 Bh3 25. Qa3 Nf4 26. Bxf4 Rxf4 27. Rh1 Bd7 28. Qc3 b4 29. Qd2 a5 30. Bd3 Rxf3 31. Qh2 Rh3 32. Qf2 Qe8 33. Rxh3 Bxh3 34. Rh1 Bg4 35. Qh4 Bh5 36. Be2 Bg7 37. Bxh5 1/2-1/2

[Event "CP-2018-Q-00008"]
[Site "LSS email"]
[Date "2018.11.28"]
[Round "?"]
[White "Medvedev, Eduard"]
[Black "Posada, Charlie"]
[Result "1/2-1/2"]
[WhiteElo "2329"]
[BlackElo "2187"]
[PlyCount "56"]
[EventDate "2018.12.01"]
[EventType "tourn (corr)"]
[EventRounds "6"]
[EventCountry "GER"]
[SourceTitle "Corr 2022"]
[Source "ChessBase"]
[SourceDate "2021.10.24"]
[SourceVersion "1"]
[SourceVersionDate "2021.10.24"]
[SourceQuality "1"]

1. d4 d5 2. c4 dxc4 3. Nf3 Nf6 4. e3 e6 5. Bxc4 c5 6. Qe2 a6 7. dxc5 Bxc5 8. 0-0 Nc6 9. e4 b5 10. Bb3 Nd4 11. Nxd4 Qxd4 12. Be3 Qe5 13. Bxc5 Qxc5 14. Nc3 Bb7 15. Rad1 0-0 16. e5 Qc6 17. f4 Ne4 18. Nxe4 Qxe4 19. Qxe4 Bxe4 20. Rd4 Bf5 21. Rfd1 h6 22. Kf2 Rfc8 23. R1d2 g5 24. Bd1 Rc1 25. Kg3 Kg7 26. h4 gxf4+ 27. Kxf4 Rac8 28. Be2 Rg1 1/2-1/2

[Event "WC-2018-S-00008"]
[Site "LSS email"]
[Date "2018.08.23"]
[Round "?"]
[White "Kuhne, Detlev"]
[Black "Medvedev, Eduard"]
[Result "1/2-1/2"]
[WhiteElo "2467"]
[BlackElo "2331"]
[PlyCount "49"]
[EventDate "2018.09.01"]
[EventType "tourn (corr)"]
[EventRounds "12"]
[EventCountry "GER"]
[SourceTitle "Corr 2022"]
[Source "ChessBase"]
[SourceDate "2021.10.24"]
[SourceVersion "1"]
[SourceVersionDate "2021.10.24"]
[SourceQuality "1"]

1. d4 Nf6 2. c4 e6 3. Nc3 Bb4 4. e3 0-0 5. Bd3 d5 6. Nf3 b6 7. 0-0 Ba6 8. cxd5 exd5 9. Bxa6 Nxa6 10. Bd2 c5 11. dxc5 bxc5 12. Rc1 Qd7 13. a3 Bxc3 14. Bxc3 Ne4 15. Nd2 Nxc3 16. Rxc3 Rfe8 17. Qc2 Rab8 18. b3 Qb5 19. e4 Rbd8 20. h3 Qe2 21. Re3 Qb5 22. Rg3 Qc6 23. exd5 Qxd5 24. Nc4 g6 25. Rc1 1/2-1/2

[Event "CP-2018-S-00002"]
[Site "LSS email"]
[Date "2018.02.05"]
[Round "?"]
[White "Fernandez, Javier Horacio"]
[Black "Medvedev, Eduard"]
[Result "1/2-1/2"]
[WhiteElo "2303"]
[BlackElo "2311"]
[PlyCount "73"]
[EventDate "2018.02.10"]
[EventType "tourn (corr)"]
[EventRounds "7"]
[EventCountry "GER"]
[SourceTitle "Corr 2022"]
[Source "ChessBase"]
[SourceDate "2021.10.24"]
[SourceVersion "1"]
[SourceVersionDate "2021.10.24"]
[SourceQuality "1"]

1. e4 c5 2. Nf3 Nc6 3. d4 cxd4 4. Nxd4 Nf6 5. Nc3 e5 6. Ndb5 d6 7. Nd5 Nxd5 8. exd5 Nb8 9. a4 Be7 10. Be2 0-0 11. 0-0 Nd7 12. Kh1 a6 13. Na3 Nc5 14. Nc4 a5 15. f4 exf4 16. Bxf4 b6 17. c3 f5 18. b4 Ne4 19. Qc2 Bd7 20. Be3 Rb8 21. Bd3 axb4 22. cxb4 Bxa4 23. Qxa4 b5 24. Qa6 bxc4 25. Bxe4 fxe4 26. Rxf8+ Kxf8 27. Qxc4 Bg5 28. Re1 Bxe3 29. Rxe3 Rc8 30. Qxe4 Rc1+ 31. Re1 Rxe1+ 32. Qxe1 Qg5 33. Qd1 Ke7 34. h3 Kd8 35. Qd4 Kc8 36. Qc3+ Kb8 37. Qa1 1/2-1/2

[Event "CP-2018-S-00002"]
[Site "LSS email"]
[Date "2018.02.05"]
[Round "?"]
[White "Nowak, Adam"]
[Black "Medvedev, Eduard"]
[Result "1/2-1/2"]
[WhiteElo "2248"]
[BlackElo "2311"]
[PlyCount "62"]
[EventDate "2018.02.10"]
[EventType "tourn (corr)"]
[EventRounds "7"]
[EventCountry "GER"]
[SourceTitle "Corr 2022"]
[Source "ChessBase"]
[SourceDate "2021.10.24"]
[SourceVersion "1"]
[SourceVersionDate "2021.10.24"]
[SourceQuality "1"]

1. d4 Nf6 2. c4 e6 3. Nf3 d5 4. Nc3 c6 5. e3 Nbd7 6. Bd3 dxc4 7. Bxc4 b5 8. Bd3 Bb7 9. e4 b4 10. Na4 c5 11. e5 Nd5 12. 0-0 cxd4 13. Re1 g6 14. Bg5 Qa5 15. Nxd4 a6 16. a3 bxa3 17. bxa3 Bg7 18. Bd2 Qd8 19. Rb1 Rb8 20. Rxb7 Rxb7 21. Bxa6 Rc7 22. Ba5 Qb8 23. Bxc7 Qxc7 24. Nb5 Qb8 25. Nac3 Nxc3 26. Nxc3 Bxe5 27. Qa4 0-0 28. Qxd7 Bxc3 29. Rd1 Ba5 30. Qb7 Qe5 31. Qb5 Qxb5 1/2-1/2

[Event "WC-2018-P-00018"]
[Site "LSS email"]
[Date "2018.01.22"]
[Round "?"]
[White "Medvedev, Eduard"]
[Black "Laine, Jari"]
[Result "1/2-1/2"]
[WhiteElo "2311"]
[BlackElo "1985"]
[PlyCount "47"]
[EventDate "2018.02.01"]
[EventType "tourn (corr)"]
[EventRounds "12"]
[EventCountry "GER"]
[SourceTitle "Corr 2022"]
[Source "ChessBase"]
[SourceDate "2021.10.24"]
[SourceVersion "1"]
[SourceVersionDate "2021.10.24"]
[SourceQuality "1"]

1. e4 e5 2. Nf3 Nc6 3. Bb5 Nf6 4. d3 Bc5 5. c3 0-0 6. 0-0 d6 7. Nbd2 a6 8. Bxc6 bxc6 9. Re1 Re8 10. h3 h6 11. b3 Bb6 12. Nc4 Ba7 13. Na5 Bd7 14. Bd2 Bb6 15. Nc4 Ba7 16. Rc1 Be6 17. Qe2 Qd7 18. Nb2 Qd8 19. Be3 c5 20. Qc2 Qd7 21. Qe2 c6 22. Rcd1 Rad8 23. Na4 Qe7 24. c4 1/2-1/2

[Event "WC-2018-P-00018"]
[Site "LSS email"]
[Date "2018.01.22"]
[Round "?"]
[White "Medvedev, Eduard"]
[Black "Nowak, Ireneusz"]
[Result "1/2-1/2"]
[WhiteElo "2311"]
[BlackElo "2167"]
[PlyCount "59"]
[EventDate "2018.02.01"]
[EventType "tourn (corr)"]
[EventRounds "12"]
[EventCountry "GER"]
[SourceTitle "Corr 2022"]
[Source "ChessBase"]
[SourceDate "2021.10.24"]
[SourceVersion "1"]
[SourceVersionDate "2021.10.24"]
[SourceQuality "1"]

1. d4 Nf6 2. c4 e6 3. Nf3 d5 4. g3 Be7 5. Bg2 0-0 6. 0-0 dxc4 7. Qc2 a6 8. a4 Bd7 9. Rd1 Bc6 10. Bg5 Nbd7 11. Nbd2 h6 12. Bxf6 Nxf6 13. Nxc4 Be4 14. Qc1 Rc8 15. Nfe5 Bxg2 16. Kxg2 c6 17. Qc3 b5 18. Ne3 Qb6 19. axb5 cxb5 20. Qa5 Qb7+ 21. Kg1 Ra8 22. Rdc1 Rfc8 23. Rxc8+ Qxc8 24. Qc3 Qxc3 25. bxc3 Ne4 26. Nc6 Bf6 27. c4 b4 28. Nxb4 Bxd4 29. Rxa6 Rxa6 30. Nxa6 1/2-1/2

[Event "WC-2018-P-00018"]
[Site "LSS email"]
[Date "2018.01.22"]
[Round "?"]
[White "Medvedev, Eduard"]
[Black "Plutarco, Fosca"]
[Result "1-0"]
[WhiteElo "2311"]
[BlackElo "1922"]
[PlyCount "75"]
[EventDate "2018.02.01"]
[EventType "tourn (corr)"]
[EventRounds "12"]
[EventCountry "GER"]
[SourceTitle "Corr 2022"]
[Source "ChessBase"]
[SourceDate "2021.10.24"]
[SourceVersion "1"]
[SourceVersionDate "2021.10.24"]
[SourceQuality "1"]

1. e4 e6 2. d4 d5 3. Nc3 dxe4 4. Nxe4 Be7 5. Nf3 Nd7 6. Bd3 Ngf6 7. Qe2 a6 8. 0-0 Nxe4 9. Bxe4 Nf6 10. Bd3 b6 11. Bf4 Bb7 12. Rfe1 h6 13. c3 0-0 14. Rad1 Nh5 15. Bc1 Nf6 16. Ne5 b5 17. Bb1 Qd5 18. f3 Qd8 19. Qc2 Bd6 20. g4 Qe7 21. g5 hxg5 22. Bxg5 Rfd8 23. f4 Kf8 24. Qd3 Qe8 25. Qh3 Ng8 26. Re3 Rd7 27. Rde1 Bd5 28. f5 Bxe5 29. dxe5 f6 30. exf6 e5 31. fxg7+ Rxg7 32. Rg3 Qd7 33. Bh6 Nxh6 34. Qxh6 Kg8 35. f6 Rxg3+ 36. hxg3 Qg4 37. Qh7+ Kf8 38. Kh2 1-0

[Event "WC-2018-P-00018"]
[Site "LSS email"]
[Date "2018.01.22"]
[Round "?"]
[White "Nowak, Ireneusz"]
[Black "Medvedev, Eduard"]
[Result "1/2-1/2"]
[WhiteElo "2167"]
[BlackElo "2311"]
[PlyCount "73"]
[EventDate "2018.02.01"]
[EventType "tourn (corr)"]
[EventRounds "12"]
[EventCountry "GER"]
[SourceTitle "Corr 2022"]
[Source "ChessBase"]
[SourceDate "2021.10.24"]
[SourceVersion "1"]
[SourceVersionDate "2021.10.24"]
[SourceQuality "1"]

1. e4 c5 2. Nf3 Nc6 3. d4 cxd4 4. Nxd4 Nf6 5. Nc3 e5 6. Ndb5 d6 7. Bg5 a6 8. Na3 b5 9. Nd5 Be7 10. Bxf6 Bxf6 11. c3 Ne7 12. Nxf6+ gxf6 13. Bd3 d5 14. Qe2 dxe4 15. Bxe4 Rb8 16. 0-0 f5 17. Rad1 Qc7 18. Bd5 0-0 19. Nc2 Nxd5 20. Rxd5 f6 21. Rfd1 Kh8 22. Rd6 f4 23. Nb4 Rg8 24. Qd3 Qg7 25. g3 Bg4 26. Nxa6 Rbf8 27. Re1 h5 28. Nc5 h4 29. Nd7 Rf7 30. Nc5 hxg3 31. fxg3 Qh6 32. Rd8 fxg3 33. Rxg8+ Kxg8 34. hxg3 Rh7 35. Qd8+ Kf7 36. Qd5+ Kf8 37. Qd8+ 1/2-1/2

[Event "WC-2018-P-00018"]
[Site "LSS email"]
[Date "2018.01.22"]
[Round "?"]
[White "Shim Ng Min, Francis"]
[Black "Medvedev, Eduard"]
[Result "0-1"]
[WhiteElo "1235"]
[BlackElo "2311"]
[PlyCount "62"]
[EventDate "2018.02.01"]
[EventType "tourn (corr)"]
[EventRounds "12"]
[EventCountry "GER"]
[SourceTitle "Corr 2022"]
[Source "ChessBase"]
[SourceDate "2021.10.24"]
[SourceVersion "1"]
[SourceVersionDate "2021.10.24"]
[SourceQuality "1"]

1. e4 c5 2. Nf3 Nc6 3. Bb5 g6 4. 0-0 Bg7 5. c3 Nf6 6. Re1 0-0 7. d4 d5 8. e5 Ne4 9. Nbd2 Nxd2 10. Bxd2 cxd4 11. cxd4 Qb6 12. Bxc6 bxc6 13. Bc3 a5 14. h3 Bf5 15. Nh4 Bd7 16. f4 e6 17. Nf3 Rfc8 18. Kh1 c5 19. dxc5 Qxc5 20. Qd4 Qxd4 21. Nxd4 Rab8 22. a3 Rc4 23. g3 Bf8 24. Kg2 a4 25. Rac1 Bb5 26. Red1 Ba6 27. Rd2 Bc5 28. Nc6 Rc8 29. Na5 Re4 30. Kf3 Bb6 31. Rcc2 Re3+ 0-1

[Event "WC-2018-P-00018"]
[Site "LSS email"]
[Date "2018.01.22"]
[Round "?"]
[White "Vio, Mauro"]
[Black "Medvedev, Eduard"]
[Result "0-1"]
[WhiteElo "1404"]
[BlackElo "2311"]
[PlyCount "50"]
[EventDate "2018.02.01"]
[EventType "tourn (corr)"]
[EventRounds "12"]
[EventCountry "GER"]
[SourceTitle "Corr 2022"]
[Source "ChessBase"]
[SourceDate "2021.10.24"]
[SourceVersion "1"]
[SourceVersionDate "2021.10.24"]
[SourceQuality "1"]

1. c4 e5 2. Nc3 Nf6 3. Nf3 Nc6 4. d4 exd4 5. Nxd4 Bb4 6. Nxc6 bxc6 7. e3 0-0 8. Bd3 d5 9. 0-0 Be6 10. Qa4 Rb8 11. Rd1 Bd6 12. Be2 Be5 13. Qxa7 Ng4 14. h3 Bh2+ 15. Kh1 Ra8 16. Qxa8 Nxf2+ 17. Kxh2 Qd6+ 18. Kg1 Nxh3+ 19. gxh3 Qg3+ 20. Kh1 Qxh3+ 21. Kg1 Qg3+ 22. Kh1 Rxa8 23. cxd5 Bh3 24. Rg1 Qh4 25. Rg2 Rd8 0-1

[Event "SM-2017-0-00383"]
[Site "LSS email"]
[Date "2017.09.28"]
[Round "?"]
[White "Corti, Horacio"]
[Black "Medvedev, Eduard"]
[Result "1/2-1/2"]
[WhiteElo "2333"]
[BlackElo "2310"]
[PlyCount "72"]
[EventDate "2017.08.02"]
[EventType "tourn (corr)"]
[EventRounds "6"]
[EventCountry "GER"]
[SourceTitle "Corr 2022"]
[Source "ChessBase"]
[SourceDate "2021.10.24"]
[SourceVersion "1"]
[SourceVersionDate "2021.10.24"]
[SourceQuality "1"]

1. Nf3 d5 2. g3 Nf6 3. Bg2 c6 4. 0-0 Bg4 5. d4 Nbd7 6. Nbd2 e6 7. Re1 Be7 8. e4 0-0 9. c3 h6 10. Qb3 Qc7 11. exd5 cxd5 12. Nf1 Bf5 13. Bf4 Qb6 14. Ne5 g5 15. Be3 Qxb3 16. axb3 Nxe5 17. dxe5 Nd7 18. c4 dxc4 19. bxc4 Bb4 20. Rec1 a5 21. c5 Rac8 22. Bxb7 Rxc5 23. f4 Rb8 24. Bg2 gxf4 25. gxf4 Rcc8 26. Ng3 Bg6 27. Rxc8+ Rxc8 28. Rd1 Nf8 29. h4 Rc2 30. h5 Bh7 31. Bd4 Bd2 32. Be4 Bxe4 33. Nxe4 Bxf4 34. Bc3 Kg7 35. Rd8 Be3+ 36. Kf1 a4 1/2-1/2

[Event "SM-2017-0-00383"]
[Site "LSS email"]
[Date "2017.09.28"]
[Round "?"]
[White "Medvedev, Eduard"]
[Black "Greet, Andrew"]
[Result "1-0"]
[WhiteElo "2310"]
[BlackElo "2460"]
[PlyCount "121"]
[EventDate "2017.08.02"]
[EventType "tourn (corr)"]
[EventRounds "6"]
[EventCountry "GER"]
[SourceTitle "Corr 2022"]
[Source "ChessBase"]
[SourceDate "2021.10.24"]
[SourceVersion "1"]
[SourceVersionDate "2021.10.24"]
[SourceQuality "1"]

1. e4 e5 2. Nf3 Nc6 3. Bb5 a6 4. Ba4 Nf6 5. 0-0 Be7 6. Re1 b5 7. Bb3 d6 8. c3 0-0 9. h3 Nb8 10. d4 Nbd7 11. Nbd2 Bb7 12. Bc2 Re8 13. Nf1 Bf8 14. Ng3 g6 15. a4 c5 16. d5 c4 17. Bg5 Nc5 18. Nh2 Be7 19. Be3 Qc7 20. Qe2 Reb8 21. a5 Bf8 22. Rf1 Bg7 23. f4 exf4 24. Rxf4 Rf8 25. Raf1 Nfd7 26. Rh4 Ne5 27. Nf5 Qd8 28. g3 Ncd7 29. Nxg7 Kxg7 30. Nf3 Nxf3+ 31. Qxf3 Kg8 32. Bh6 Qe7 33. Rf4 f6 34. Qf2 Rf7 35. g4 Qe5 36. g5 Re8 37. gxf6 Qh5 38. Rh4 Qe5 39. Bg7 Bc8 40. Kh1 Qg5 41. Rg1 Rxf6 42. Bxf6 Qxf6 43. Qxf6 Nxf6 44. Rf4 Nd7 45. Kh2 Kg7 46. Rgf1 Ne5 47. Bd1 h5 48. Be2 Rh8 49. R1f2 Rg8 50. Kg2 Rh8 51. h4 Re8 52. Kg3 Rd8 53. Rf6 b4 54. cxb4 Bf5 55. R2xf5 gxf5 56. Re6 fxe4 57. Kf4 Nd3+ 58. Kxe4 Nxb2 59. Ke3 c3 60. Bxa6 Kf7 61. Be2 1-0

[Event "SM-2017-0-00383"]
[Site "LSS email"]
[Date "2017.09.28"]
[Round "?"]
[White "Medvedev, Eduard"]
[Black "Szabo, Mihaly"]
[Result "1/2-1/2"]
[WhiteElo "2310"]
[BlackElo "2386"]
[PlyCount "40"]
[EventDate "2017.08.02"]
[EventType "tourn (corr)"]
[EventRounds "6"]
[EventCountry "GER"]
[SourceTitle "Corr 2022"]
[Source "ChessBase"]
[SourceDate "2021.10.24"]
[SourceVersion "1"]
[SourceVersionDate "2021.10.24"]
[SourceQuality "1"]

1. e4 c5 2. Nf3 e6 3. d4 cxd4 4. Nxd4 Nc6 5. Nc3 Qc7 6. Be3 a6 7. Qd2 Nf6 8. 0-0-0 Be7 9. f4 b5 10. e5 b4 11. exf6 bxc3 12. Qxc3 Bxf6 13. g4 h6 14. h4 Bb7 15. Rh3 Rc8 16. Kb1 Rg8 17. g5 Nxd4 18. Qxc7 Rxc7 19. Bxd4 Bxd4 20. Rxd4 f6 1/2-1/2

[Event "CP-2017-P-00042"]
[Site "LSS email"]
[Date "2017.09.27"]
[Round "?"]
[White "Medvedev, Eduard"]
[Black "Frijling, Jeroen"]
[Result "1-0"]
[WhiteElo "2311"]
[BlackElo "2258"]
[PlyCount "101"]
[EventDate "2017.10.01"]
[EventType "tourn (corr)"]
[EventRounds "6"]
[EventCountry "GER"]
[SourceTitle "Corr 2022"]
[Source "ChessBase"]
[SourceDate "2021.10.24"]
[SourceVersion "1"]
[SourceVersionDate "2021.10.24"]
[SourceQuality "1"]

1. d4 Nf6 2. c4 c6 3. Nf3 d5 4. Nc3 dxc4 5. a4 Bf5 6. Ne5 Nbd7 7. Nxc4 Qc7 8. g3 e5 9. dxe5 Nxe5 10. Bf4 Nfd7 11. Bg2 g5 12. Ne3 gxf4 13. Nxf5 0-0-0 14. Qc2 Kb8 15. gxf4 Nc4 16. e3 Nc5 17. Rd1 Rxd1+ 18. Nxd1 Qa5+ 19. Nc3 Qb6 20. Ne4 Qb4+ 21. Ke2 Qxb2 22. Qxb2 Nxb2 23. a5 Nxe4 24. Bxe4 Na4 25. Kf3 Nc3 26. Bd3 Bb4 27. Ra1 Nb5 28. Ra4 Be1 29. Bc4 Bc3 30. Kg4 Rf8 31. Kh5 Kc7 32. Kh6 Nd6 33. Nxd6 Kxd6 34. Ra3 Bb4 35. Kg7 Kc5 36. Be2 Rc8 37. Ra2 Kd6 38. f5 c5 39. f6 c4 40. Kxh7 Rc5 41. Kg7 Rf5 42. f4 Bc3 43. Bxc4 Rxf6 44. Rc2 Ba1 45. Kf8 Rh6 46. a6 bxa6 47. Ra2 Rh8+ 48. Kxf7 Bc3 49. Rc2 Ba1 50. Kg6 Re8 51. f5 1-0

[Event "WC-2017-Q-00013"]
[Site "LSS email"]
[Date "2017.08.22"]
[Round "?"]
[White "Medvedev, Eduard"]
[Black "Husemann, Andreas"]
[Result "1/2-1/2"]
[WhiteElo "2313"]
[BlackElo "2203"]
[PlyCount "65"]
[EventDate "2017.09.01"]
[EventType "tourn (corr)"]
[EventRounds "12"]
[EventCountry "GER"]
[SourceTitle "Corr 2022"]
[Source "ChessBase"]
[SourceDate "2021.10.24"]
[SourceVersion "1"]
[SourceVersionDate "2021.10.24"]
[SourceQuality "1"]

1. e4 c5 2. Nf3 Nc6 3. d4 cxd4 4. Nxd4 Nf6 5. Nc3 e5 6. Ndb5 d6 7. Bg5 a6 8. Na3 b5 9. Nd5 Be7 10. Bxf6 Bxf6 11. c3 Bg5 12. Nc2 Ne7 13. h4 Bh6 14. a4 bxa4 15. Ncb4 0-0 16. Qxa4 a5 17. Bc4 Bd7 18. Nxe7+ Qxe7 19. Nd5 Qd8 20. Qd1 a4 21. g3 Kh8 22. Qe2 Ra5 23. 0-0 f5 24. exf5 Bxf5 25. Rfd1 Bd7 26. b4 axb3 27. Bxb3 Be6 28. c4 g6 29. Bc2 Rxa1 30. Rxa1 Qc8 31. Be4 Qc5 32. Kg2 Rc8 33. Ra4 1/2-1/2

[Event "WC-2017-Q-00013"]
[Site "LSS email"]
[Date "2017.08.22"]
[Round "?"]
[White "Roques, Pascal"]
[Black "Medvedev, Eduard"]
[Result "1-0"]
[WhiteElo "2327"]
[BlackElo "2313"]
[PlyCount "83"]
[EventDate "2017.09.01"]
[EventType "tourn (corr)"]
[EventRounds "12"]
[EventCountry "GER"]
[SourceTitle "Corr 2022"]
[Source "ChessBase"]
[SourceDate "2021.10.24"]
[SourceVersion "1"]
[SourceVersionDate "2021.10.24"]
[SourceQuality "1"]

1. e4 c5 2. Nf3 Nc6 3. Bb5 g6 4. Bxc6 bxc6 5. 0-0 Bg7 6. Re1 Qc7 7. h3 Rb8 8. c3 d6 9. d4 cxd4 10. cxd4 Nf6 11. Nc3 0-0 12. Qe2 Qa5 13. Bf4 Nd7 14. a3 Nb6 15. b4 Qa6 16. Qd1 Be6 17. e5 Nd5 18. Nxd5 cxd5 19. Qd2 Qc6 20. Rac1 Qd7 21. Ng5 Bf5 22. exd6 exd6 23. g4 Be6 24. Rc3 Rfc8 25. Rec1 Rxc3 26. Rxc3 Rb7 27. Qe3 Bf6 28. Nxe6 fxe6 29. Bh6 e5 30. Qc1 Bd8 31. Rc6 Rc7 32. b5 Rxc6 33. bxc6 Qc7 34. dxe5 dxe5 35. Qc5 Qf7 36. c7 Bxc7 37. Qc6 Qe7 38. Qxd5+ Kh8 39. a4 a5 40. Bd2 h5 41. gxh5 gxh5 42. Bxa5 1-0

[Event "CP-2016-Q-00005"]
[Site "LSS email"]
[Date "2016.11.23"]
[Round "?"]
[White "Medvedev, Eduard"]
[Black "Kazimierski, Tomasz"]
[Result "1-0"]
[WhiteElo "2291"]
[BlackElo "2026"]
[PlyCount "23"]
[EventDate "2016.12.01"]
[EventType "tourn (corr)"]
[EventRounds "6"]
[EventCountry "GER"]
[SourceTitle "Corr 2022"]
[Source "ChessBase"]
[SourceDate "2021.10.24"]
[SourceVersion "1"]
[SourceVersionDate "2021.10.24"]
[SourceQuality "1"]

1. e4 e5 2. Nf3 Nc6 3. Bb5 a6 4. Ba4 b5 5. Bb3 Bb7 6. 0-0 Nf6 7. d3 Bc5 8. Nc3 0-0 9. a4 Na5 10. Ba2 b4 11. Ne2 d5 12. Nxe5 1-0

[Event "CP-2016-P-00054"]
[Site "LSS email"]
[Date "2016.09.27"]
[Round "?"]
[White "Koch, Christian"]
[Black "Medvedev, Eduard"]
[Result "1/2-1/2"]
[WhiteElo "2273"]
[BlackElo "2290"]
[PlyCount "55"]
[EventDate "2016.10.01"]
[EventType "tourn (corr)"]
[EventRounds "6"]
[EventCountry "GER"]
[SourceTitle "Corr 2022"]
[Source "ChessBase"]
[SourceDate "2021.10.24"]
[SourceVersion "1"]
[SourceVersionDate "2021.10.24"]
[SourceQuality "1"]

1. e4 c5 2. Nf3 Nc6 3. d4 cxd4 4. Nxd4 Nf6 5. Nc3 e5 6. Ndb5 d6 7. Bg5 a6 8. Na3 b5 9. Nd5 Be7 10. Bxf6 Bxf6 11. c3 Ne7 12. Nxf6+ gxf6 13. Bd3 d5 14. Nc2 Bb7 15. exd5 Qxd5 16. Ne3 Qe6 17. a4 Rd8 18. Qe2 Nd5 19. Nxd5 Qxd5 20. 0-0-0 Qxg2 21. Rhg1 Qxh2 22. Qe3 bxa4 23. Rg3 a3 24. bxa3 Bc6 25. Qc5 Ba4 26. Bc2 Rxd1+ 27. Bxd1 Bxd1 28. Qc8+ 1/2-1/2

[Event "CP-2016-P-00054"]
[Site "LSS email"]
[Date "2016.09.27"]
[Round "?"]
[White "Medvedev, Eduard"]
[Black "Mroczek, Jacek"]
[Result "1/2-1/2"]
[WhiteElo "2290"]
[BlackElo "2272"]
[PlyCount "40"]
[EventDate "2016.10.01"]
[EventType "tourn (corr)"]
[EventRounds "6"]
[EventCountry "GER"]
[SourceTitle "Corr 2022"]
[Source "ChessBase"]
[SourceDate "2021.10.24"]
[SourceVersion "1"]
[SourceVersionDate "2021.10.24"]
[SourceQuality "1"]

1. d4 Nf6 2. c4 g6 3. Nc3 Bg7 4. e4 d6 5. Nf3 0-0 6. h3 e5 7. d5 Nh5 8. g3 f5 9. exf5 gxf5 10. Ng5 Nf6 11. g4 Qe7 12. Qc2 h6 13. Ne6 Bxe6 14. dxe6 f4 15. h4 Nc6 16. g5 Nd4 17. Qg6 Qe8 18. Bd3 Qxg6 19. Bxg6 hxg5 20. e7 Rf7 1/2-1/2

[Event "WC-2016-Q-00005"]
[Site "LSS email"]
[Date "2016.08.29"]
[Round "?"]
[White "Jablonski, Czeslaw"]
[Black "Medvedev, Eduard"]
[Result "1/2-1/2"]
[WhiteElo "2178"]
[BlackElo "2284"]
[PlyCount "47"]
[EventDate "2016.09.03"]
[EventType "tourn (corr)"]
[EventRounds "12"]
[EventCountry "GER"]
[SourceTitle "Corr 2022"]
[Source "ChessBase"]
[SourceDate "2021.10.24"]
[SourceVersion "1"]
[SourceVersionDate "2021.10.24"]
[SourceQuality "1"]

1. d4 Nf6 2. c4 e6 3. g3 c5 4. d5 exd5 5. cxd5 g6 6. Bg2 d6 7. Nc3 Bg7 8. Nf3 0-0 9. 0-0 Re8 10. a4 Ne4 11. Nxe4 Rxe4 12. Nd2 Rb4 13. Ra2 a5 14. b3 b5 15. axb5 Nd7 16. Qc2 Nb6 17. Re1 a4 18. bxa4 Rbxa4 19. Rxa4 Rxa4 20. Bb2 Ra2 21. Bf6 Rxc2 22. Bxd8 Rxd2 23. Bxb6 Kf8 24. e3 1/2-1/2